<?xml version="1.0" encoding="UTF-8"?>
<record
    xmlns:xsi="http://www.w3.org/2001/XMLSchema-instance"
    xsi:schemaLocation="http://www.loc.gov/MARC21/slim http://www.loc.gov/standards/marcxml/schema/MARC21slim.xsd"
    xmlns="http://www.loc.gov/MARC21/slim">

  <leader>00371nam a2200145Ia 4500</leader>
  <controlfield tag="008">150201s2012    xx            000 0 und d</controlfield>
  <datafield tag="082" ind1=" " ind2=" ">
    <subfield code="a">617.75</subfield>
    <subfield code="b">E12K</subfield>
  </datafield>
  <datafield tag="100" ind1=" " ind2=" ">
    <subfield code="a">KUMAR R. KRISHNA</subfield>
  </datafield>
  <datafield tag="245" ind1=" " ind2=" ">
    <subfield code="a">ESO,S OPTOMETRY QUESTION BANK : WITH RETIONAL REASONING</subfield>
  </datafield>
  <datafield tag="250" ind1=" " ind2=" ">
    <subfield code="a">1ST</subfield>
  </datafield>
  <datafield tag="260" ind1=" " ind2=" ">
    <subfield code="b">JAYPEE</subfield>
    <subfield code="a">DELHI</subfield>
    <subfield code="c">2012</subfield>
  </datafield>
  <datafield tag="300" ind1=" " ind2=" ">
    <subfield code="a">1-105</subfield>
  </datafield>
  <datafield tag="650" ind1=" " ind2=" ">
    <subfield code="a">OPTOMETRY</subfield>
  </datafield>
  <datafield tag="942" ind1=" " ind2=" ">
    <subfield code="2">ddc</subfield>
    <subfield code="c">BK</subfield>
    <subfield code="0">8</subfield>
  </datafield>
  <datafield tag="952" ind1=" " ind2=" ">
    <subfield code="0">0</subfield>
    <subfield code="1">0</subfield>
    <subfield code="2">ddc</subfield>
    <subfield code="4">0</subfield>
    <subfield code="7">0</subfield>
    <subfield code="8">MEDICAL</subfield>
    <subfield code="a">FM</subfield>
    <subfield code="b">FM</subfield>
    <subfield code="c">TXT</subfield>
    <subfield code="d">2014-01-23</subfield>
    <subfield code="e">ABC DELHI</subfield>
    <subfield code="g">150.00</subfield>
    <subfield code="i">SGTU</subfield>
    <subfield code="l">8</subfield>
    <subfield code="o">617.75 E12K</subfield>
    <subfield code="p">FM5881</subfield>
    <subfield code="r">2025-04-17 00:00:00</subfield>
    <subfield code="s">2025-04-07</subfield>
    <subfield code="w">2014-02-14</subfield>
    <subfield code="y">BK</subfield>
    <subfield code="k">4209</subfield>
  </datafield>
  <datafield tag="952" ind1=" " ind2=" ">
    <subfield code="0">0</subfield>
    <subfield code="1">0</subfield>
    <subfield code="2">ddc</subfield>
    <subfield code="4">0</subfield>
    <subfield code="7">0</subfield>
    <subfield code="8">MEDICAL</subfield>
    <subfield code="a">FM</subfield>
    <subfield code="b">FM</subfield>
    <subfield code="c">TXT</subfield>
    <subfield code="d">2014-01-23</subfield>
    <subfield code="e">ABC DELHI</subfield>
    <subfield code="g">150.00</subfield>
    <subfield code="i">SGTU</subfield>
    <subfield code="l">0</subfield>
    <subfield code="o">617.75 E12K</subfield>
    <subfield code="p">FM5882</subfield>
    <subfield code="r">2015-02-09 00:00:00</subfield>
    <subfield code="w">2014-02-14</subfield>
    <subfield code="y">BK</subfield>
    <subfield code="k">4209</subfield>
  </datafield>
  <datafield tag="952" ind1=" " ind2=" ">
    <subfield code="0">0</subfield>
    <subfield code="1">0</subfield>
    <subfield code="2">ddc</subfield>
    <subfield code="4">0</subfield>
    <subfield code="7">0</subfield>
    <subfield code="8">MEDICAL</subfield>
    <subfield code="a">FM</subfield>
    <subfield code="b">FM</subfield>
    <subfield code="c">TXT</subfield>
    <subfield code="d">2014-01-23</subfield>
    <subfield code="e">ABC DELHI</subfield>
    <subfield code="g">150.00</subfield>
    <subfield code="i">SGTU</subfield>
    <subfield code="l">3</subfield>
    <subfield code="o">617.75 E12K</subfield>
    <subfield code="p">FM5883</subfield>
    <subfield code="r">2022-12-26 00:00:00</subfield>
    <subfield code="s">2022-12-12</subfield>
    <subfield code="w">2014-02-14</subfield>
    <subfield code="y">BK</subfield>
    <subfield code="k">4209</subfield>
  </datafield>
  <datafield tag="952" ind1=" " ind2=" ">
    <subfield code="0">0</subfield>
    <subfield code="1">0</subfield>
    <subfield code="2">ddc</subfield>
    <subfield code="4">0</subfield>
    <subfield code="7">0</subfield>
    <subfield code="8">MEDICAL</subfield>
    <subfield code="a">FM</subfield>
    <subfield code="b">FM</subfield>
    <subfield code="c">TXT</subfield>
    <subfield code="d">2014-01-23</subfield>
    <subfield code="e">ABC DELHI</subfield>
    <subfield code="g">150.00</subfield>
    <subfield code="i">SGTU</subfield>
    <subfield code="l">0</subfield>
    <subfield code="o">617.75 E12K</subfield>
    <subfield code="p">FM5884</subfield>
    <subfield code="r">2015-02-09 00:00:00</subfield>
    <subfield code="w">2014-02-14</subfield>
    <subfield code="y">BK</subfield>
    <subfield code="k">4209</subfield>
  </datafield>
  <datafield tag="952" ind1=" " ind2=" ">
    <subfield code="0">0</subfield>
    <subfield code="1">0</subfield>
    <subfield code="2">ddc</subfield>
    <subfield code="4">0</subfield>
    <subfield code="7">0</subfield>
    <subfield code="8">MEDICAL</subfield>
    <subfield code="a">FM</subfield>
    <subfield code="b">FM</subfield>
    <subfield code="c">TXT</subfield>
    <subfield code="d">2014-01-23</subfield>
    <subfield code="e">ABC DELHI</subfield>
    <subfield code="g">150.00</subfield>
    <subfield code="i">SGTU</subfield>
    <subfield code="l">9</subfield>
    <subfield code="m">3</subfield>
    <subfield code="o">617.75 E12K</subfield>
    <subfield code="p">FM5885</subfield>
    <subfield code="r">2025-06-02 00:00:00</subfield>
    <subfield code="s">2025-05-19</subfield>
    <subfield code="w">2014-02-14</subfield>
    <subfield code="y">BK</subfield>
    <subfield code="k">4209</subfield>
  </datafield>
  <datafield tag="999" ind1=" " ind2=" ">
    <subfield code="c">1690</subfield>
    <subfield code="d">1690</subfield>
  </datafield>
</record>
